Statistics for high school musical trivia

Click here to take the quiz!

General Stats

  • This quiz has been taken 80 times
  • The average score is 8 of 15

Answer Stats

HintAnswer% Correct
“We’re all in this ______”together
92%
What is Zeke's secret passion?baking
88%
what night of the year do troy and gabriella meetnew years eve
88%
gabriella or sharpaygabriella
86%
what is troys basketball number14
84%
what job does gabriella work as in the second movielifeguard
73%
Which Song Does Troy Sing With Gabriella The First Time They Meet?start of something new
67%
what college does gabriella leave troy forstanford
64%
which actor plays chad in the moviecorbin bleu
59%
where does troy get a job offer atlava springs
47%
who is the exchange student in the third movietiara gold
30%
what does troy boltens dad docoach basketball
22%
who wins valedictoriantroy
20%
what college does troy go toBerkeley
17%
where was the movie "filmed"salt lake city,utah
5%

Score Distribution

Percentile by Number Answered

Percent of People with Each Score

Your Score History

You have not taken this quiz